000 00255nam a2200097Ia 4500
008 170620s9999 xx 000 0 und d
100 _aSharma- S. K. (Hindi)
245 0 _aRuppradh Kala Ke Muladhar
260 _bMeerut; International Publishing House
260 _c2010
300 _a131
999 _c27912
_d27912